Focus (Record no. 81817)

MARC details
000 -LEADER
fixed length control field 01038cab a22002295a 4500
001 - CONTROL NUMBER
control field L148394
008 - FIXED-LENGTH DATA ELEMENTS--GENERAL INFORMATION
fixed length control field 090914e20090905xxkdo f 000 0 eng d
035 ## - SYSTEM CONTROL NUMBER
System control number (Sirsi) u148394
041 0# - LANGUAGE CODE
Language code of text/sound track or separate title eng
100 1# - MAIN ENTRY--PERSONAL NAME
Personal name Smith, Melanie
245 00 - TITLE STATEMENT
Title Focus
Remainder of title Bristol, Bath and Swindon
260 ## - PUBLICATION, DISTRIBUTION, ETC.
-- 2009
490 #0 - SERIES STATEMENT
Series statement Estates Gazette
Volume/sequential designation (935) 5 September 2009, 91-96(7)
520 ## - SUMMARY, ETC.
Summary, etc. Small lettings are welcome in Bristol where office take-up is described as horrific and grade A space remains vacant. Bristol's retail centres are showing mixed fortunes and the shed market remains well below the five-year average lettings of 2.8m sq ft pa. The second quarter Bristol sentiment survey reveals some improvement in market perceptions. Swindon's £1bn regeneration programme is examined after the collapse of Modus's Regent Place scheme. Table.
590 ## - LOCAL NOTE (RLIN)
Local note KA
651 #4 - SUBJECT ADDED ENTRY--GEOGRAPHIC NAME
Geographic name Bristol
651 #4 - SUBJECT ADDED ENTRY--GEOGRAPHIC NAME
Geographic name Bath
651 #4 - SUBJECT ADDED ENTRY--GEOGRAPHIC NAME
Geographic name Swindon
690 ## - LOCAL SUBJECT ADDED ENTRY--TOPICAL TERM (OCLC, RLIN)
Topical term or geographic name as entry element PROPERTY-COMMERCIAL PROPERTY-COMMERCIAL PROPERTY MARKET
700 1# - ADDED ENTRY--PERSONAL NAME
Personal name Cunningham, Daniel
942 ## - ADDED ENTRY ELEMENTS (KOHA)
Suppress in OPAC 0
Holdings
Withdrawn status Lost status Source of classification or shelving scheme Damaged status Not for loan Home library Current library Shelving location Date acquired Total Checkouts Full call number Barcode Date last seen Copy number Price effective from Koha item type
    Dewey Decimal Classification     London London Journal article 14/09/2009   L148394 148394-1001 06/08/2019 1 06/08/2019 Journal article